000 00428nam a22001697a 4500
005 20160618134454.0
008 160618b xxu||||| |||| 00| 0 eng d
020 _a81-7036-948-7
041 _aeng
082 _b8156
100 _aLynton, Rolt P & Pareek Udai
_92054
245 _aTraining for organizational Trans for mation
260 _bSage Publication
_c2004
300 _a302
650 _aManagement
_9241
942 _cBK
999 _c3110
_d3109